000 00735nam a2200229 i 4500
001 6891
003 ES-MaACL
005 20240515063017.0
007 t|
008 900711s1987 sp ||||1| spa d
020 _a84-345-8454-9
080 _a576.12
100 1 _aAyala, Francisco,
_d1906-2009
_924111
245 1 3 _aLa Naturaleza inacabada
_b: ensayos en torno a la evolucion /
_cFrancisco J. Ayala.
260 _aBarcelona :
_bSalvat,
_cD.L. 1987.
300 _a270 p. :
_bil. ;
_c19 cm.
490 1 _aBiblioteca científica Salvat ;
_v93
650 4 _aEvolución.
_912625
830 0 _aBiblioteca científica Salvat ;
_v93
_9177703
852 _aES-MaACL
_jL-14173
_bR.117761
_z. - rust.
999 _c6891
_d6891